Formuła 1 - składy zespołów 1998 - Statystyki

Ogólne statystyki
  • Ten quiz został rozwiązany 16 razy
  • Średni wynik to 14 z 23
Statystyki odpowiedzi
Zespół Kraj Zawodnik Rundy % Poprawnych
Ferrari Niemcy Michael Schumacher
93%
McLaren Finlandia Mika Hakkinen
93%
Niemcy Ralf Schumacher
93%
Holandia Jos Verstappen 8-16
86%
W.Brytania David Coulthard
79%
W.Brytania Eddie Irvine
79%
Williams Kanada Jacques Villeneuve
79%
Stewart Brazylia Rubens Barrichello
79%
Jordan W.Brytania Damon Hill
71%
Niemcy Heinz-Harald Frentzen
71%
Dania Jan Magnussen 1-7
71%
Austria Alexander Wurz
64%
Benetton Włochy Giancarlo Fisichella
64%
Włochy Jarno Trulli
64%
Sauber Francja Jean Alesi
57%
Arrows Finlandia Mika Salo
57%
Prost Francja Olivier Panis
57%
Brazylia Pedro Diniz
43%
W.Brytania Johnny Herbert
36%
Tyrrell Brazylia Ricardo Rosset
21%
Japonia Tora Takagi
21%
Argentyna Esteban Tuero
14%
Minardi Japonia Shinji Nakano
14%
Nie znaleziono quizów pasujących do podanych kryteriów
Rozkład punktacji
Procent ludzi z każdym wynikiem
Percentyl według liczby udzielonych odpowiedzi
Twoja historia wyników
Nie rozwiązałeś tego quizu